[Event "4NCL Division 3"]
[Site "Daventry Court ENG"]
[Date "2015.05.03"]
[Round "10.99"]
[White "Piper, Stephen J"]
[Black "Connor, Stephen J"]
[Result "0-1"]
[WhiteElo "2035"]
[BlackElo "2000"]
[PlyCount "80"]
[EventDate "2015.05.03"]

1. c4 Nf6 2. g3 g6 3. Bg2 Bg7 4. Nc3 O-O 5. e4 d6 6. Nge2 e5 7. d3 Nbd7 8. O-O
c6 9. h3 Re8 10. Be3 Nc5 11. f4 Nfd7 12. d4 Na6 13. fxe5 dxe5 14. d5 Nb6 15. b3
c5 16. a3 Rf8 17. Qd2 Bd7 18. Rab1 Nc8 19. Nb5 b6 20. Nec3 Bxb5 21. cxb5 Nc7
22. b4 cxb4 23. Rxb4 Nd6 24. h4 Qd7 25. a4 Qe7 26. Ne2 f5 27. Rc1 Nce8 28. Rc6
fxe4 29. Bxe4 Nxe4 30. Rxe4 Nd6 31. Rb4 Rf3 32. Kg2 Raf8 33. Bf4 Ra3 34. Bg5
Qf7 35. Nf4 exf4 36. Bxf4 Be5 37. Qc1 Qxd5+ 38. Kh3 Qe6+ 39. Kg2 Ra2+ 40. Kg1 Qh3 41. Rc2 Bxf4 42. gxf4
Qg3+ 0-1

[Event "4NCL Division 3"]
[Site "Daventry Court ENG"]
[Date "2015.05.03"]
[Round "10.99"]
[White "Cooper, John G"]
[Black "Jaszkiwskyj, Peter"]
[Result "0-1"]
[WhiteElo "2004"]
[BlackElo "1969"]
[PlyCount "98"]
[EventDate "2015.05.03"]

1. e4 e6 2. Nc3 d5 3. Nf3 Nf6 4. e5 Nfd7 5. d4 c5 6. dxc5 Bxc5 7. Bd3 Nc6 8.
Qe2 a6 9. O-O f6 10. Nxd5 Ndxe5 11. Nxe5 Nxe5 12. Nf4 Nxd3 13. Nxd3 Ba7 14.
Qh5+ g6 15. Qh6 Kf7 16. Be3 Qe7 17. Rad1 e5 18. Bxa7 Rxa7 19. Qe3 b5 20. Nb4
Rd7 21. Qb3+ Kg7 22. Nd5 Qe6 23. Ne3 Qxb3 24. Rxd7+ Bxd7 25. axb3 Kf7 26. Ra1
Ra8 27. c4 Bc6 28. f3 Ke6 29. Rd1 Ra7 30. Kf2 Rd7 31. Rxd7 Kxd7 32. Ng4 Ke6 33.
Ke3 f5 34. Nf2 Kd6 35. Nd3 a5 36. Kd2 g5 37. Kc3 e4 38. fxe4 Bxe4 39. g3 Bxd3
40. Kxd3 Kc5 41. h4 h6 42. hxg5 hxg5 43. Kc3 f4 44. gxf4 gxf4 45. Kd3 bxc4+ 46.
bxc4 a4 47. Ke4 Kxc4 48. Kxf4 Kb3 49. Ke3 Kxb2 0-1

[Event "4NCL Division 3"]
[Site "Daventry Court ENG"]
[Date "2015.05.03"]
[Round "10.99"]
[White "Gibson, Christopher A"]
[Black "Mort, Andrew J"]
[Result "0-1"]
[WhiteElo "1981"]
[BlackElo "1918"]
[PlyCount "80"]
[EventDate "2015.05.03"]

1. d4 d5 2. c4 e6 3. Nc3 f5 4. g4 fxg4 5. e4 dxe4 6. Bg2 Nf6 7. Bg5 Be7 8. Nxe4
Nxe4 9. Bxe7 Qxe7 10. Bxe4 Qb4+ 11. Qd2 Qxd2+ 12. Kxd2 O-O 13. Ke3 Nd7 14. Bg2
Rb8 15. f4 b5 16. c5 Nf6 17. Ne2 Nd5+ 18. Bxd5 exd5 19. b4 Bf5 20. Rhg1 Rbe8+
21. Kd2 Re4 22. a4 Rfe8 23. Rg2 g3 24. hxg3 Bg4 25. Nc3 Rxd4+ 26. Kc2 Rxb4 27.
axb5 Bf5+ 28. Kd1 Bg4+ 29. Kc2 Rc4 30. Kd2 Rxc5 31. Rxa7 d4 32. Nd1 Rxb5 33.
Rxc7 Rb1 34. Rc1 Rxc1 35. Kxc1 Re1 36. Rd2 Rxd1+ 37. Rxd1 Bxd1 38. Kxd1 Kf7 39.
Kd2 Ke6 40. Kd3 Kf5 0-1

[Event "4NCL Division 3"]
[Site "Daventry Court ENG"]
[Date "2015.05.03"]
[Round "10.99"]
[White "Buckley, Colm"]
[Black "Ressel, Eva"]
[Result "1-0"]
[WhiteElo "1967"]
[BlackElo "1727"]
[PlyCount "71"]
[EventDate "2015.05.03"]

1. d4 Nf6 2. Nf3 e6 3. Bf4 b6 4. e3 Bb7 5. Bd3 c5 6. O-O Nc6 7. c3 Be7 8. Nbd2
d5 9. Ne5 O-O 10. Ndf3 Nd7 11. Re1 Ndxe5 12. Nxe5 Nxe5 13. Bxe5 Bd6 14. Bg3 c4
15. Bc2 b5 16. e4 g6 17. e5 Be7 18. Qd2 Bg5 19. f4 Bh4 20. Re3 Be7 21. Rf1 h5
22. Be1 Kg7 23. Qe2 Rh8 24. g4 hxg4 25. Qxg4 Rh5 26. Rg3 Rh4 27. Qf3 Rc8 28.
Rg2 Rh6 29. Bd2 Kh8 30. f5 Rh7 31. fxg6 fxg6 32. Bxg6 Rg7 33. Qh5+ Kg8 34. Bf7+
Kf8 35. Qh8+ Rg8 36. Bh6# 1-0

[Event "4NCL Division 3"]
[Site "Daventry Court ENG"]
[Date "2015.05.03"]
[Round "10.165"]
[White "House, Glenn L"]
[Black "Lydiard, Robert  G"]
[Result "1/2-1/2"]
[WhiteElo "2275"]
[BlackElo "2011"]
[PlyCount "81"]
[EventDate "2015.05.03"]
[WhiteTeam "Manchester Manticores 1"]
[BlackTeam "Guildford 4"]

1. Nf3 Nf6 2. g3 d6 3. Bg2 e5 4. d3 Be7 5. c4 O-O 6. Nc3 c6 7. O-O Re8 8. Rb1
h6 9. b4 a6 10. a4 Bf8 11. b5 d5 12. bxc6 bxc6 13. Nd2 Be6 14. Qb3 Nbd7 15. Ba3
Rb8 16. Qa2 Qa5 17. Bxf8 Rxf8 18. Rfc1 Rb4 19. Rxb4 Qxb4 20. Qc2 Nc5 21. Rb1
Qa5 22. Nf3 d4 23. Na2 Nfd7 24. Nb4 Rc8 25. Nd2 Nb8 26. f4 exf4 27. gxf4 Nxa4
28. Nf3 Nc3 29. Rb3 Qa1+ 30. Kf2 a5 31. f5 Nd1+ 32. Kg3 Ne3 33. Qa2 Nxf5+ 34.
Kf2 Qxa2 35. Nxa2 c5 36. Ra3 Nc6 37. Nd2 Ne5 38. h3 Rb8 39. Ne4 Nd7 40. Rxa5
Rb2 41. Nc1 1/2-1/2

[Event "4NCL Division 3"]
[Site "Daventry Court ENG"]
[Date "2015.05.03"]
[Round "10.166"]
[White "Punnett, Alan"]
[Black "Newton, Robert"]
[Result "1/2-1/2"]
[WhiteElo "2080"]
[BlackElo "2050"]
[PlyCount "80"]
[EventDate "2015.05.03"]
[WhiteTeam "Guildford 4"]
[BlackTeam "Manchester Manticores 1"]

1. e4 c5 2. Nf3 d6 3. d4 cxd4 4. Nxd4 Nf6 5. Nc3 g6 6. Be2 Bg7 7. O-O O-O 8.
Be3 Nc6 9. h3 Bd7 10. f4 Rc8 11. Nxc6 Bxc6 12. Bf3 Qa5 13. Rb1 b5 14. b4 Qc7
15. Rf2 e6 16. Rd2 Rfd8 17. Rb3 a6 18. Ra3 Bb7 19. Bf2 Ng4 20. Bd4 Ne3 21. Bxe3
Bxc3 22. Rd3 Bxb4 23. Rab3 Bc5 24. c3 Bxe3+ 25. Rxe3 Qb6 26. Qe2 Qa7 27. Kh2 d5
28. exd5 Bxd5 29. Bxd5 Rxd5 30. Rxe6 Qb8 31. Re4 Qd6 32. Re8+ Rxe8 33. Qxe8+
Kg7 34. Rb4 a5 35. Re4 Rc5 36. a4 bxa4 37. Qxa4 Rxc3 38. Qxa5 Rc5 39. Qa1+ Qf6
40. Qxf6+ Kxf6 1/2-1/2

[Event "4NCL Division 3"]
[Site "Daventry Court ENG"]
[Date "2015.05.03"]
[Round "10.167"]
[White "Mulleady, Peter.J"]
[Black "Smart, Mike"]
[Result "1/2-1/2"]
[WhiteElo "2042"]
[BlackElo "2050"]
[PlyCount "58"]
[EventDate "2015.05.03"]
[WhiteTeam "Manchester Manticores 1"]
[BlackTeam "Guildford 4"]

1. c4 Nf6 2. g3 c6 3. Bg2 e5 4. Nc3 Bc5 5. e3 O-O 6. Nge2 d5 7. cxd5 cxd5 8. d4
exd4 9. exd4 Bb4 10. O-O Bg4 11. Qb3 Nc6 12. Nf4 a5 13. Be3 Be6 14. Ncxd5 Nxd5
15. Bxd5 a4 16. Qc4 Bxd5 17. Nxd5 Bd6 18. Nc3 a3 19. bxa3 Bxa3 20. Nb5 Be7 21.
a4 Rc8 22. Rac1 Bf6 23. Rfd1 Ne7 24. Qb3 Rxc1 25. Rxc1 Nd5 26. Bd2 Re8 27. Rc5
Ne7 28. d5 b6 29. Rc1 Qxd5 1/2-1/2

[Event "4NCL Division 3"]
[Site "Daventry Court ENG"]
[Date "2015.05.03"]
[Round "10.168"]
[White "Shepley, Julien"]
[Black "Burns, Martin"]
[Result "1-0"]
[WhiteElo "2035"]
[BlackElo "1982"]
[PlyCount "93"]
[EventDate "2015.05.03"]
[WhiteTeam "Guildford 4"]
[BlackTeam "Manchester Manticores 1"]

1. e4 e6 2. d4 d5 3. Nd2 c5 4. Ngf3 Nc6 5. exd5 Qxd5 6. Bc4 Qd8 7. O-O Nf6 8.
Re1 cxd4 9. Nb3 Bb4 10. Bd2 Bxd2 11. Qxd2 O-O 12. Nbxd4 Nxd4 13. Qxd4 b6 14.
Rad1 Bb7 15. Ne5 Nd5 16. Bd3 Qg5 17. h4 Qe7 18. a3 Rad8 19. Qg4 Nf6 20. Qg5 Qc5
21. b4 Qc7 22. h5 h6 23. Qh4 Rd5 24. f4 Kh8 25. Re3 Rd4 26. Rde1 a5 27. c4 axb4
28. axb4 b5 29. cxb5 Nd5 30. Re4 Rxe4 31. Rxe4 Qc1+ 32. Kh2 Nf6 33. Rc4 Qd2 34.
Rc2 Qxb4 35. Rc7 Bd5 36. Nxf7+ Rxf7 37. Rxf7 Kg8 38. Rxf6 gxf6 39. Qxf6 Qd2 40.
Qd8+ Kg7 41. Qe7+ Kg8 42. Qh7+ Kf8 43. Qxh6+ Ke7 44. Qg5+ Kd6 45. Bc4 Kc5 46.
Bxd5 exd5 47. h6 1-0

[Event "4NCL Division 3"]
[Site "Daventry Court ENG"]
[Date "2015.05.03"]
[Round "10.169"]
[White "Coward, Neil"]
[Black "Galer, Sebastian"]
[Result "0-1"]
[WhiteElo "1967"]
[BlackElo "2005"]
[PlyCount "130"]
[EventDate "2015.05.03"]
[WhiteTeam "Manchester Manticores 1"]
[BlackTeam "Guildford 4"]

1. e4 d6 2. d4 Nf6 3. Nc3 g6 4. e5 dxe5 5. dxe5 Qxd1+ 6. Nxd1 Nd5 7. Ne3 Nb6 8.
Bd2 Nc6 9. Bb5 Bd7 10. Bc3 e6 11. O-O-O O-O-O 12. Ne2 Bc5 13. Rhf1 a6 14. Bd3
Na4 15. Ng4 h5 16. Nf6 Nxc3 17. Nxc3 Nxe5 18. f3 Be7 19. Nxd7 Rxd7 20. Be4 Bd6
21. a3 Rhd8 22. Rfe1 Nc4 23. Bd3 Bf4+ 24. Kb1 Ne3 25. g3 Nxd1 26. Nxd1 Bh6 27.
Nf2 Bf8 28. Ne4 Be7 29. Nc3 b5 30. Re4 c5 31. Re1 c4 32. Bxg6 fxg6 33. Rxe6 Kb7
34. Rxg6 h4 35. Ne4 hxg3 36. hxg3 Rc7 37. Kc1 Rd5 38. g4 a5 39. Nc3 Rg5 40. Re6
b4 41. axb4 axb4 42. Ne4 Rd5 43. Kb1 Rd1+ 44. Ka2 Ka8 45. b3 c3 46. Ra6+ Ra7
47. Rxa7+ Kxa7 48. g5 Rf1 49. g6 Rg1 50. Nf2 Rxg6 51. Ng4 Bg5 52. Ne5 Re6 53.
Nd3 Be7 54. f4 Kb6 55. Ne5 Kb5 56. Nf3 Bf6 57. f5 Re2 58. Kb1 Rf2 59. Ng1 Rf1+
60. Ka2 Rc1 61. Nf3 Rxc2+ 62. Kb1 Rb2+ 63. Ka1 Rxb3 64. Ka2 Ra3+ 65. Kb1 c2+
0-1

[Event "4NCL Division 3"]
[Site "Daventry Court ENG"]
[Date "2015.05.03"]
[Round "10.170"]
[White "Stimpson, Phil"]
[Black "Whitehead, Mark.A"]
[Result "1/2-1/2"]
[WhiteElo "1997"]
[BlackElo "2005"]
[PlyCount "86"]
[EventDate "2015.05.03"]
[WhiteTeam "Guildford 4"]
[BlackTeam "Manchester Manticores 1"]

1. e4 c5 2. Nf3 e6 3. d4 cxd4 4. Nxd4 a6 5. Nc3 Bc5 6. Be3 Ba7 7. Qg4 Kf8 8.
Qg3 Ne7 9. Nxe6+ fxe6 10. Bxa7 Rxa7 11. Qxb8 Nc6 12. Qd6+ Qe7 13. e5 Kf7 14. h4
Rf8 15. Ne4 Qxd6 16. Nxd6+ Ke7 17. f4 Ra8 18. g3 Nb4 19. Kd2 Rb8 20. a4 b6 21.
c3 Nc6 22. Bd3 h6 23. Nxc8+ Rbxc8 24. Bxa6 Rc7 25. b4 Rb8 26. Bd3 d5 27. exd6+
Kxd6 28. Rhe1 e5 29. b5 Na5 30. fxe5+ Ke6 31. Kc2 Rbc8 32. Ra3 Rc5 33. Bf1 Rf8
34. Bh3+ Ke7 35. Rf1 Nc4 36. Rxf8 Nxa3+ 37. Kb3 Kxf8 38. Kxa3 Rxc3+ 39. Kb4
Rxg3 40. Be6 Ke7 41. Bc4 g5 42. hxg5 Rxg5 43. e6 h5 1/2-1/2

[Event "4NCL Division 3"]
[Site "Daventry Court ENG"]
[Date "2015.05.03"]
[Round "10.175"]
[White "Davies, Matthew"]
[Black "Rutter, Nick"]
[Result "0-1"]
[WhiteElo "1950"]
[BlackElo "2177"]
[PlyCount "112"]
[EventDate "2015.05.03"]
[WhiteTeam "West is Best 2"]
[BlackTeam "Shropshire"]

1. d4 d5 2. c4 c6 3. Nf3 Nf6 4. Nc3 e6 5. e3 Nbd7 6. Bd3 dxc4 7. Bxc4 b5 8. Be2
a6 9. O-O Bb7 10. Qc2 c5 11. Rd1 Rc8 12. a3 b4 13. Na4 cxd4 14. Qd3 Be4 15.
Qxd4 Bc2 16. axb4 Bxd1 17. Qxd1 Bxb4 18. Bxa6 Ra8 19. Bb5 O-O 20. Bd2 Bxd2 21.
Qxd2 Ne5 22. Qxd8 Nxf3+ 23. gxf3 Rfxd8 24. Ra3 h5 25. Nc3 Rab8 26. b3 Nd5 27.
Nxd5 Rxb5 28. Nc3 Rb4 29. Kg2 Rdb8 30. f4 Rxb3 31. Rxb3 Rxb3 32. Ne2 g6 33. Nd4
Rb1 34. Nf3 Kg7 35. Nd2 Rb5 36. Nf3 Kf6 37. Kg3 Rb1 38. h3 Ra1 39. Kg2 Ra4 40.
Kg3 Kg7 41. Kh4 f6 42. Kg3 Kf7 43. Kg2 Ra5 44. Kg3 g5 45. fxg5 fxg5 46. h4
gxh4+ 47. Kxh4 Kg6 48. Kg3 Ra4 49. Nh4+ Kf6 50. f4 Ra8 51. Kf3 Rg8 52. Ng2 Ke7
53. e4 Kd6 54. Nh4 Rg4 55. Ng2 e5 56. f5 Ke7 0-1

[Event "4NCL Division 3"]
[Site "Daventry Court ENG"]
[Date "2015.05.03"]
[Round "10.176"]
[White "Gostelow, Dave"]
[Black "Dydak, Mat"]
[Result "1/2-1/2"]
[WhiteElo "2080"]
[BlackElo "1874"]
[PlyCount "74"]
[EventDate "2015.05.03"]
[WhiteTeam "Shropshire"]
[BlackTeam "West is Best 2"]

1. d4 f5 2. Nf3 Nf6 3. Bf4 g6 4. e3 Bg7 5. Bc4 d6 6. c3 e6 7. O-O O-O 8. Nbd2
h6 9. h3 Nc6 10. Bh2 Kh8 11. b4 Qe8 12. Bb5 Bd7 13. Bxc6 Bxc6 14. c4 Ba4 15.
Qe2 g5 16. Rfc1 g4 17. hxg4 Nxg4 18. Bg3 e5 19. dxe5 dxe5 20. e4 f4 21. Bh4 Bd7
22. Rd1 Rg8 23. Nb3 b6 24. Rd2 Be6 25. Rad1 Bf6 26. Bxf6+ Nxf6 27. Ne1 Qf7 28.
Rc2 h5 29. Rc3 Qg6 30. Nd2 Bg4 31. f3 Be6 32. Qf2 Qg5 33. Kf1 h4 34. Ke2 Nh5
35. Nf1 a5 36. b5 Qe7 37. c5 Rab8 1/2-1/2

[Event "4NCL Division 3"]
[Site "Daventry Court ENG"]
[Date "2015.05.03"]
[Round "10.177"]
[White "Staniforth, Matthew"]
[Black "Bryant, Richard BE"]
[Result "0-1"]
[WhiteElo "1881"]
[BlackElo "2020"]
[PlyCount "88"]
[EventDate "2015.05.03"]
[WhiteTeam "West is Best 2"]
[BlackTeam "Shropshire"]

1. d4 d5 2. Nf3 Nf6 3. e3 c6 4. Bd3 Bg4 5. c4 e6 6. Qb3 Bxf3 7. gxf3 Qc8 8. Rg1
Nbd7 9. Nc3 g6 10. e4 dxc4 11. Bxc4 Nb6 12. Bg5 Nh5 13. Be2 Qc7 14. O-O-O Nf4
15. Bf6 Bh6 16. Kb1 O-O 17. Rg4 Nxe2 18. Nxe2 Nd7 19. Bh4 e5 20. Ng3 Bg7 21.
Rg1 exd4 22. Be7 Rfe8 23. Nf5 Ne5 24. Bd6 Qd7 25. Bxe5 Rxe5 26. h4 Rxf5 27.
exf5 Qxf5+ 28. Ka1 Qb5 29. Qxb5 cxb5 30. Kb1 d3 31. Rd1 Rd8 32. Rg5 f5 33. Rgg1
Bh6 34. a3 d2 35. Ka2 Bf4 36. Kb1 Rd3 37. Rg3 Kf7 38. Kc2 Rd6 39. Rgg1 Ke6 40.
Ra1 Kd5 41. b4 Kc4 42. a4 Rd3 43. axb5 Rc3+ 44. Kd1 Kd3 0-1

[Event "4NCL Division 3"]
[Site "Daventry Court ENG"]
[Date "2015.05.03"]
[Round "10.178"]
[White "Roberts, Colin"]
[Black "Iyengar, Srihari"]
[Result "1/2-1/2"]
[WhiteElo "2057"]
[BlackElo "1883"]
[PlyCount "86"]
[EventDate "2015.05.03"]
[WhiteTeam "Shropshire"]
[BlackTeam "West is Best 2"]

1. c4 c5 2. Nc3 Nc6 3. g3 Nf6 4. Bg2 g6 5. Nf3 Bg7 6. O-O O-O 7. d4 cxd4 8.
Nxd4 Nxd4 9. Qxd4 d6 10. Qd3 Rb8 11. Rd1 Bf5 12. e4 Bg4 13. f3 Be6 14. Be3 a6
15. Rac1 Qa5 16. b3 Nd7 17. Qd2 b5 18. cxb5 axb5 19. Nd5 Qd8 20. Nb4 Qe8 21.
Na6 Rb7 22. Rc2 Nb8 23. Nc7 Qd7 24. Rdc1 b4 25. Bd4 Bh3 26. Bxg7 Kxg7 27. Qd4+
Kg8 28. Nd5 Bxg2 29. Kxg2 Na6 30. Qc4 Ra8 31. Qd4 Qd8 32. Qd2 e6 33. Ne3 Rc7
34. Rxc7 Nxc7 35. Rc2 Na6 36. Nc4 Rc8 37. Ne3 Rxc2 38. Nxc2 Qb6 39. Qd4 Qa5 40.
Qxd6 Qxa2 41. Qd8+ Kg7 42. Qd4+ Kg8 43. Qc4 Qa5 1/2-1/2

[Event "4NCL Division 3"]
[Site "Daventry Court ENG"]
[Date "2015.05.03"]
[Round "10.179"]
[White "Griffiths, Hywel"]
[Black "Paul, Nathanael"]
[Result "1/2-1/2"]
[WhiteElo "1802"]
[BlackElo "1967"]
[PlyCount "111"]
[EventDate "2015.05.03"]
[WhiteTeam "West is Best 2"]
[BlackTeam "Shropshire"]

1. e4 c6 2. d4 d5 3. Nc3 dxe4 4. Nxe4 Bf5 5. Ng3 Bg6 6. Nf3 Nd7 7. h4 h6 8. h5
Bh7 9. Bd3 Bxd3 10. Qxd3 Ngf6 11. Be3 e6 12. O-O-O Qc7 13. Ne5 Nxe5 14. dxe5
Qxe5 15. Bd4 Qf4+ 16. Be3 Qc7 17. Ne4 Nd5 18. c4 Nxe3 19. Qxe3 c5 20. g4 Be7
21. f4 Rd8 22. g5 Bd6 23. Nxd6+ Rxd6 24. Rxd6 Qxd6 25. Rd1 Qc7 26. g6 O-O 27.
gxf7+ Qxf7 28. Kb1 Qxf4 29. Qxe6+ Qf7 30. Qd5 b6 31. Kc2 Qxd5 32. cxd5 Rd8 33.
Kc3 Kf7 34. Kc4 Kf6 35. Rg1 Rd7 36. Rg6+ Kf5 37. a3 Ke5 38. Re6+ Kf5 39. Rg6
Kf4 40. b4 cxb4 41. axb4 a5 42. Rxb6 axb4 43. Rxb4 Kg5 44. Kc5 Kxh5 45. Kc6 Rd8
46. d6 g5 47. Kc7 Rh8 48. d7 g4 49. Rb5+ Kh4 50. Rb4 Kh3 51. Rb5 Kh4 52. Rb6 h5
53. Rh6 Rg8 54. Rg6 Rf8 55. Rf6 Ra8 56. Ra6 1/2-1/2

[Event "4NCL Division 3"]
[Site "Daventry Court ENG"]
[Date "2015.05.03"]
[Round "10.180"]
[White "Lewis, Christopher"]
[Black "Smith, Steve"]
[Result "1-0"]
[WhiteElo "1847"]
[BlackElo "1751"]
[PlyCount "101"]
[EventDate "2015.05.03"]
[WhiteTeam "Shropshire"]
[BlackTeam "West is Best 2"]

1. e4 e5 2. Nf3 Nc6 3. Bc4 Bc5 4. d3 Nf6 5. Be3 Bxe3 6. fxe3 d6 7. a3 O-O 8.
Nc3 Ne7 9. Qe2 c6 10. d4 Ng6 11. O-O-O Qc7 12. h3 b5 13. Bd3 a5 14. g4 b4 15.
Nb1 Be6 16. c4 bxa3 17. Nxa3 Rfb8 18. Ng5 Bd7 19. Rhf1 Rb4 20. Nxf7 Kxf7 21. g5
Bxh3 22. Rxf6+ gxf6 23. Qh5 Kg8 24. Qxh3 Qc8 25. Qf3 Ra7 26. Nc2 Rbb7 27. c5
dxc5 28. Bc4+ Rf7 29. Bxf7+ Rxf7 30. gxf6 Qe6 31. dxc5 Qxf6 32. Qh3 Rc7 33. Rd6
Qe7 34. Qg4 Kh8 35. Qf5 Nf8 36. Ne1 Rd7 37. Qf6+ Qxf6 38. Rxf6 Rd8 39. Rxc6 Kg8
40. Ra6 Rc8 41. Rxa5 Nd7 42. b4 Nb6 43. Nd3 Nc4 44. Ra7 Rd8 45. Nb2 Nxe3 46. b5
Nd5 47. exd5 Rxd5 48. c6 Rxb5 49. c7 Rc5+ 50. Kd2 Kf8 51. Ra8+ 1-0

[Event "4NCL Division 3"]
[Site "Daventry Court ENG"]
[Date "2015.05.03"]
[Round "10.185"]
[White "O'Donnell, David"]
[Black "White, Mark W"]
[Result "0-1"]
[WhiteElo "1946"]
[BlackElo "2080"]
[PlyCount "58"]
[EventDate "2015.05.03"]
[WhiteTeam "Rhyfelwyr Essyllwg 2"]
[BlackTeam "Jorvik"]

1. e4 c5 2. Nf3 Nc6 3. Bb5 g6 4. O-O Bg7 5. Re1 e6 6. Bxc6 dxc6 7. e5 Ne7 8.
Nc3 Qc7 9. d3 b6 10. Ne4 h6 11. Nd6+ Kf8 12. g4 Bd7 13. Bf4 Be8 14. Qd2 h5 15.
h3 Nd5 16. Bg5 hxg4 17. hxg4 Bxe5 18. Nxe8 Bh2+ 19. Kg2 Kxe8 20. Rh1 Be5 21.
Rxh8+ Bxh8 22. Rh1 Be5 23. Qe2 Bg7 24. c4 Nf4+ 25. Bxf4 Qxf4 26. Nd2 Kd7 27.
Ne4 Rh8 28. Rxh8 Bxh8 29. g5 Be5 0-1

[Event "4NCL Division 3"]
[Site "Daventry Court ENG"]
[Date "2015.05.03"]
[Round "10.186"]
[White "Mounce, Richard B"]
[Black "Bevan, Peter M"]
[Result "1/2-1/2"]
[WhiteElo "2019"]
[BlackElo "1984"]
[PlyCount "37"]
[EventDate "2015.05.03"]
[WhiteTeam "Jorvik"]
[BlackTeam "Rhyfelwyr Essyllwg 2"]

1. e4 c5 2. Nf3 g6 3. d4 cxd4 4. Nxd4 Nc6 5. c4 Nf6 6. Nc3 d6 7. Be2 Nxd4 8.
Qxd4 Bg7 9. Be3 O-O 10. Qd1 Qa5 11. O-O Be6 12. Nd5 Nxe4 13. Nxe7+ Kh8 14. Bf3
Qe5 15. Nd5 Bxd5 16. Qxd5 Qxd5 17. cxd5 f5 18. Bf4 g5 19. Bxe4 1/2-1/2

[Event "4NCL Division 3"]
[Site "Daventry Court ENG"]
[Date "2015.05.03"]
[Round "10.187"]
[White "Taylor, Robert G"]
[Black "Cowan, Richard M"]
[Result "1-0"]
[WhiteElo "1946"]
[BlackElo "2027"]
[PlyCount "125"]
[EventDate "2015.05.03"]
[WhiteTeam "Rhyfelwyr Essyllwg 2"]
[BlackTeam "Jorvik"]

1. Nf3 Nf6 2. g3 g6 3. Bg2 Bg7 4. d4 O-O 5. O-O d6 6. c4 Nbd7 7. Nc3 c6 8. e4
e5 9. h3 Qe7 10. Be3 a6 11. a4 a5 12. Qc2 Nb8 13. Rad1 Na6 14. Qd2 exd4 15.
Nxd4 Nc5 16. f3 Rd8 17. Nxc6 bxc6 18. Bxc5 Bxh3 19. Bxd6 Qe6 20. Bxh3 Qxh3 21.
Qg2 Qe6 22. c5 Ne8 23. Bf4 Bd4+ 24. Kh2 Bxc5 25. Qe2 Nf6 26. Rxd8+ Rxd8 27. Bc7
Ra8 28. Rc1 Be7 29. Nd1 Qb3 30. Rxc6 Qxa4 31. Rc4 Qb3 32. Rc3 Qe6 33. Ne3 h5
34. Qc4 Qd7 35. Rd3 Qe8 36. e5 Nh7 37. Nd5 h4 38. Qe4 hxg3+ 39. Kxg3 Kg7 40.
Nxe7 Qxe7 41. Qxa8 Qxc7 42. Qd5 Qc1 43. Qd4 Qe1+ 44. Qf2 Qxe5+ 45. f4 Qf5 46.
Qd4+ Nf6 47. Rf3 Kh7 48. Kg2 Qg4+ 49. Kf2 Qh4+ 50. Ke2 Ng4 51. Kd2 Qh2+ 52. Kc3
Qh1 53. Qd5 f5 54. Kb3 Kg7 55. Qd7+ Kh6 56. Rc3 Qf1 57. Qd4 Kh5 58. Ka2 Nf2 59.
Rf3 Qd1 60. Qxf2 Qd5+ 61. b3 Kh6 62. Rh3+ Kg7 63. Qb2+ 1-0

[Event "4NCL Division 3"]
[Site "Daventry Court ENG"]
[Date "2015.05.03"]
[Round "10.188"]
[White "Flint, Martina"]
[Black "Van Kemenade, Rudy"]
[Result "0-1"]
[WhiteElo "1840"]
[BlackElo "1973"]
[PlyCount "101"]
[EventDate "2015.05.03"]
[WhiteTeam "Jorvik"]
[BlackTeam "Rhyfelwyr Essyllwg 2"]

1. f4 e5 2. fxe5 d6 3. exd6 Bxd6 4. Nf3 g5 5. g3 g4 6. Nh4 Be7 7. Ng2 h5 8. d4
Nc6 9. c3 h4 10. Bf4 h3 11. Ne3 Bg5 12. Bxg5 Qxg5 13. Qd3 Be6 14. Nd2 Nf6 15.
Ne4 Nxe4 16. Qxe4 O-O-O 17. Qd3 Rhe8 18. Kd1 Bxa2 19. Qf5+ Qxf5 20. Nxf5 Bd5
21. Rg1 Be4 22. Ne3 f5 23. Kd2 a6 24. Nd1 Ne5 25. Kc1 Nc4 26. b3 Nb6 27. e3 Nd5
28. Kd2 c5 29. Bd3 Nf6 30. Ra5 cxd4 31. exd4 Rd5 32. Rxd5 Nxd5 33. Nf2 Nf6 34.
Re1 Bxd3 35. Rxe8+ Nxe8 36. Nxd3 Nf6 37. Nf4 Ne4+ 38. Ke3 Nxg3 39. Nd5 Nf1+ 40.
Kf2 Nxh2 41. Ne7+ Kd7 42. Nxf5 Nf3 43. Ne3 h2 44. Kg2 g3 45. Nf5 Ne1+ 46. Kh1
g2+ 47. Kxh2 a5 48. Ne3 b5 49. Nxg2 Nxg2 50. Kxg2 a4 51. bxa4 0-1

[Event "4NCL Division 3"]
[Site "Daventry Court ENG"]
[Date "2015.05.03"]
[Round "10.189"]
[White "Hatchett, Paul D"]
[Black "Andrews, Norman G"]
[Result "1-0"]
[WhiteElo "1992"]
[BlackElo "1780"]
[PlyCount "93"]
[EventDate "2015.05.03"]
[WhiteTeam "Rhyfelwyr Essyllwg 2"]
[BlackTeam "Jorvik"]

1. d4 d5 2. Nc3 Nf6 3. Bg5 e6 4. e4 Be7 5. e5 Nfd7 6. h4 h6 7. Bxe7 Qxe7 8. Qg4
Kf8 9. O-O-O c5 10. f4 cxd4 11. Nb5 Nb6 12. Rh3 Nc6 13. Nd6 Nc4 14. Bxc4 dxc4
15. Nxc4 Qc5 16. Rg3 Rh7 17. Qe2 b5 18. Qe4 Rh8 19. Na5 Bd7 20. Nxc6 Bxc6 21.
Qxd4 Qxd4 22. Rxd4 Bd5 23. Ne2 a6 24. Nc3 Bc6 25. Rgd3 Ke7 26. g3 Rhd8 27. Kd2
Rxd4 28. Rxd4 Rd8 29. Rxd8 Kxd8 30. b4 h5 31. a3 g6 32. Ke3 Ke7 33. Kd4 Kd7 34.
Kc5 Kc7 35. Ne2 Bf3 36. Nd4 Bd5 37. Nxb5+ axb5 38. Kxb5 Bc6+ 39. Kc5 Kd7 40. c4
Be4 41. a4 Kc7 42. b5 Bd3 43. a5 Be4 44. a6 Kb8 45. Kb6 Kc8 46. Ka7 Bc6 47. b6
1-0

[Event "4NCL Division 3"]
[Site "Daventry Court ENG"]
[Date "2015.05.03"]
[Round "10.190"]
[White "Pearce, Neville R"]
[Black "Smith, Chris P"]
[Result "1/2-1/2"]
[WhiteElo "1742"]
[BlackElo "1504"]
[PlyCount "58"]
[EventDate "2015.05.03"]
[WhiteTeam "Jorvik"]
[BlackTeam "Rhyfelwyr Essyllwg 2"]

1. e4 e6 2. d4 d5 3. e5 b6 4. Nf3 Ne7 5. c3 Qd7 6. Bd3 Ba6 7. O-O Bxd3 8. Qxd3
c5 9. Be3 Nf5 10. a4 Nc6 11. g4 cxd4 12. cxd4 Nxe3 13. fxe3 Be7 14. Nc3 Nb4 15.
Qe2 O-O 16. Kh1 Nc6 17. g5 f6 18. gxf6 gxf6 19. exf6 Rxf6 20. Rg1+ Kh8 21. Qg2
Bd6 22. Qh3 Raf8 23. Raf1 Qe7 24. e4 dxe4 25. Nxe4 Rf4 26. Neg5 Nxd4 27. Nxd4
Rxf1 28. Rxf1 Rxf1+ 29. Qxf1 Qxg5 1/2-1/2

[Event "4NCL Division 3"]
[Site "Daventry Court ENG"]
[Date "2015.05.03"]
[Round "10.195"]
[White "Prasath, Malola TS"]
[Black "Willmoth, Rob"]
[Result "1-0"]
[WhiteElo "2057"]
[BlackElo "2215"]
[PlyCount "85"]
[EventDate "2015.05.03"]
[WhiteTeam "North East England 2"]
[BlackTeam "Barnet Knights 1"]

1. e4 d6 2. d4 Nf6 3. Nc3 c6 4. Nf3 Bg4 5. h3 Bh5 6. Bd3 e6 7. Bg5 Be7 8. Qd2
Bxf3 9. gxf3 d5 10. Be3 Qa5 11. Rg1 g6 12. Ne2 Bb4 13. c3 Be7 14. e5 Nfd7 15.
b4 Qc7 16. Nc1 b6 17. a4 c5 18. bxc5 bxc5 19. a5 Nc6 20. Bb5 cxd4 21. Bxd4 a6
22. Bxc6 Qxc6 23. Nd3 Nc5 24. Nxc5 Bxc5 25. Ke2 O-O 26. h4 Rfc8 27. h5 Rab8 28.
hxg6 fxg6 29. Rab1 Rb5 30. Qd3 Kg7 31. Rxb5 axb5 32. Rb1 Rb8 33. Kd2 Rb7 34.
Qe3 Be7 35. Rh1 h5 36. Qd3 Bg5+ 37. Ke2 Kh6 38. Rg1 Qc4 39. Qxc4 bxc4 40. Ra1
Bd8 41. a6 Rb2+ 42. Kf1 Bb6 43. Bxb6 1-0

[Event "4NCL Division 3"]
[Site "Daventry Court ENG"]
[Date "2015.05.03"]
[Round "10.196"]
[White "Klingher, Dominic"]
[Black "Kendall, Paul SN"]
[Result "1/2-1/2"]
[WhiteElo "1862"]
[BlackElo "2010"]
[PlyCount "75"]
[EventDate "2015.05.03"]
[WhiteTeam "Barnet Knights 1"]
[BlackTeam "North East England 2"]

1. e4 c5 2. d4 cxd4 3. c3 g6 4. Nf3 d5 5. Qxd4 Nf6 6. e5 Nc6 7. Bb5 Ne4 8. Nbd2
Nxd2 9. Bxd2 Bg7 10. Bg5 Qb6 11. Qb4 O-O 12. Bxc6 Qxb4 13. cxb4 bxc6 14. Nd4 f6
15. Bh4 g5 16. Bg3 f5 17. f4 Bd7 18. O-O Rab8 19. a3 e6 20. fxg5 a5 21. Rac1
axb4 22. Nxc6 Bxc6 23. Rxc6 bxa3 24. bxa3 Ra8 25. Rxe6 Rxa3 26. Rd6 Rd3 27. e6
Bd4+ 28. Kh1 Bc5 29. Rd7 f4 30. Bh4 Re8 31. Rc7 Bb4 32. Rf7 Bd6 33. Rf6 Be5 34.
Rf5 Rxe6 35. Bf2 Bd6 36. Ra1 Rd2 37. Bh4 Ree2 38. Rf6 1/2-1/2